[Event "Wch Blitz"]
[Site "Riadh"]
[Date "2017.12.30"]
[Round "12"]
[White "Amer, Said Salim Al Maash"]
[Black "Lodhi, Mahmood"]
[Result "1-0"]
[WhiteElo "2103"]
[BlackElo "2347"]
[PlyCount "168"]
[EventDate "2017.12.29"]
[EventType "swiss (blitz)"]
[EventRounds "21"]
[EventCountry "SAU"]
[SourceTitle "CBM 182 Extra"]
[Source "ChessBase"]
[SourceDate "2018.02.23"]
[SourceVersion "1"]
[SourceVersionDate "2018.02.23"]
[SourceQuality "1"]

1. e4 e5 2. Nf3 Nc6 3. d4 exd4 4. Nxd4 Bc5 5. Be3 Qf6 6. Nb5 Bxe3 7. fxe3 Qe5 8. Nd2 a6 9. Nf3 axb5 10. Nxe5 Nxe5 11. Bxb5 Ne7 12. Qd4 N7g6 13. 0-0 0-0 14. a3 d6 15. h3 Be6 16. Rf2 h6 17. Raf1 Rfd8 18. a4 c6 19. Be2 c5 20. Qc3 Rxa4 21. b3 Rxe4 22. Bf3 Rb4 23. Rd1 b6 24. Bd5 Bxd5 25. Rxd5 Kf8 26. g3 Ke7 27. Kg2 f6 28. Rf1 Nf8 29. Ra1 Ne6 30. Ra7+ Rd7 31. Rxd7+ Kxd7 32. Rd1 Nc7 33. Qd2 d5 34. Qf2 Ke6 35. g4 Kd6 36. Qf5 Ne6 37. c4 d4 38. exd4 cxd4 39. Qc2 d3 40. Rxd3+ Nxd3 41. Qxd3+ Ke7 42. Qf3 Nc5 43. Qe3+ Kf7 44. Qd2 Rxb3 45. Qd5+ Ke7 46. Qc6 Rb2+ 47. Kf1 Rb1+ 48. Ke2 Rb2+ 49. Kf3 Rb3+ 50. Kg2 Rb2+ 51. Kf1 Rb1+ 52. Ke2 Rb2+ 53. Kf1 Rb1+ 54. Ke2 Rb2+ 55. Kf3 Rb3+ 56. Ke2 Nd7 57. Qe4+ Kd8 58. Qg6 Rxh3 59. Qxg7 Kc7 60. Qg8 h5 61. gxh5 Rxh5 62. Qg3+ Re5+ 63. Kd2 Kd6 64. Kc3 Nc5 65. Qg8 Nd7 66. Qg3 Kc7 67. Kb4 Kb7 68. Qg7 Kc7 69. Qg3 Kc6 70. Qf3+ Kd6 71. Qd3+ Ke7 72. Qg3 Ke6 73. Qg4+ Kd6 74. Qd4+ Kc7 75. Qf4 f5 76. Qh2 Kd6 77. Qf4 Ke6 78. Qh6+ Nf6 79. Qf8 Rc5 80. Qb8 Nd7 81. Qg8+ Kf6 82. Qh8+ Kg5 83. Qg7+ Kf4 84. Qxd7 Ke4 1-0

[Event "Wch Blitz"]
[Site "Riadh"]
[Date "2017.12.30"]
[Round "15"]
[White "Lodhi, Mahmood"]
[Black "Bukannan, Ahmed A"]
[Result "1-0"]
[WhiteElo "2347"]
[BlackElo "1929"]
[PlyCount "133"]
[EventDate "2017.12.29"]
[EventType "swiss (blitz)"]
[EventRounds "21"]
[EventCountry "SAU"]
[SourceTitle "CBM 182 Extra"]
[Source "ChessBase"]
[SourceDate "2018.02.23"]
[SourceVersion "1"]
[SourceVersionDate "2018.02.23"]
[SourceQuality "1"]

1. d4 d5 2. Nf3 Nf6 3. g3 g6 4. Bg2 Bg7 5. 0-0 0-0 6. c4 c6 7. b3 Ne4 8. Bb2 Na6 9. e3 Nc7 10. Qe2 Bg4 11. h3 Bf5 12. Kh2 Re8 13. Nh4 Bd7 14. f3 Nf6 15. f4 Ne4 16. Nd2 Nxd2 17. Qxd2 a5 18. Nf3 Be6 19. Rac1 a4 20. Ne5 axb3 21. axb3 f6 22. Nd3 Bf7 23. e4 dxe4 24. Bxe4 f5 25. Bf3 Bxd4 26. Bxd4 Qxd4 27. Qe2 Ra3 28. Rfd1 Rxb3 29. Ne5 Qb6 30. Rc2 Na6 31. Re1 Nc5 32. h4 Na4 33. h5 c5 34. hxg6 hxg6 35. Nxf7 Kxf7 36. Bd5+ e6 37. Bf3 Rb2 38. Rxb2 Qxb2 39. Bxb7 Qxb7 40. Qe5 Rh8+ 41. Qxh8 Qb2+ 42. Qxb2 Nxb2 43. Rc1 e5 44. fxe5 Ke6 45. Rc2 Nd3 46. Rc3 Nf2 47. Kg2 Ne4 48. Ra3 Kxe5 49. Rd3 Nd6 50. Rd5+ Ke6 51. Rxc5 g5 52. Kf3 Ne4 53. Rc8 Ke5 54. c5 Nd2+ 55. Kg2 f4 56. Rd8 f3+ 57. Kf2 Ne4+ 58. Kxf3 Nxc5 59. Kg4 Ke4 60. Re8+ Kd3 61. Kxg5 Nb7 62. g4 Kd4 63. Kh6 Kd5 64. g5 Nc5 65. g6 Nd7 66. Rd8 Ke6 67. Rxd7 1-0

[Event "Wch Blitz"]
[Site "Riadh"]
[Date "2017.12.29"]
[Round "1"]
[White "Amin, Bassem"]
[Black "Lodhi, Mahmood"]
[Result "1-0"]
[WhiteElo "2689"]
[BlackElo "2347"]
[PlyCount "61"]
[EventDate "2017.12.29"]
[EventType "swiss (blitz)"]
[EventRounds "21"]
[EventCountry "SAU"]
[SourceTitle "CBM 182 Extra"]
[Source "ChessBase"]
[SourceDate "2018.02.23"]
[SourceVersion "1"]
[SourceVersionDate "2018.02.23"]
[SourceQuality "1"]

1. e4 g6 2. Nf3 Bg7 3. d3 c5 4. g3 Nc6 5. Bg2 d6 6. 0-0 Nf6 7. c3 0-0 8. Re1 e5 9. a3 a5 10. a4 b6 11. Na3 Ba6 12. Nb5 Re8 13. Nd2 Na7 14. Qb3 Nxb5 15. axb5 Bc8 16. Nc4 Be6 17. Qc2 Rb8 18. f4 Qc7 19. Rf1 Nd7 20. Ne3 f6 21. f5 Bf7 22. h4 Nf8 23. c4 Qe7 24. Nd5 Bxd5 25. exd5 g5 26. Be4 Bh6 27. hxg5 Bxg5 28. Bxg5 fxg5 29. f6 Qf7 30. Qd2 h6 31. Qh2 1-0

[Event "Wch Blitz"]
[Site "Riadh"]
[Date "2017.12.29"]
[Round "2"]
[White "Saric, Ivan"]
[Black "Lodhi, Mahmood"]
[Result "1-0"]
[WhiteElo "2669"]
[BlackElo "2347"]
[PlyCount "49"]
[EventDate "2017.12.29"]
[EventType "swiss (blitz)"]
[EventRounds "21"]
[EventCountry "SAU"]
[SourceTitle "CBM 182 Extra"]
[Source "ChessBase"]
[SourceDate "2018.02.23"]
[SourceVersion "1"]
[SourceVersionDate "2018.02.23"]
[SourceQuality "1"]

1. e4 e5 2. Nf3 Nc6 3. Bb5 a6 4. Ba4 Nf6 5. 0-0 Be7 6. Re1 b5 7. Bb3 d6 8. c3 0-0 9. h3 Na5 10. Bc2 c5 11. d4 Qc7 12. Nbd2 cxd4 13. cxd4 Bb7 14. d5 Rfc8 15. Bb1 Nc4 16. Nxc4 bxc4 17. Bd2 a5 18. a4 Nd7 19. Bc3 Nc5 20. Nd2 Ba6 21. Ra3 Rab8 22. Qg4 Nd3 23. Bxd3 cxd3 24. f4 f6 25. Kh2 1-0

[Event "Wch Rapid"]
[Site "Riadh"]
[Date "2017.12.28"]
[Round "12"]
[White "Lodhi, Mahmood"]
[Black "Bukannan, Ahmed A"]
[Result "1-0"]
[WhiteElo "2347"]
[BlackElo "1929"]
[PlyCount "109"]
[EventDate "2017.12.26"]
[EventType "swiss (rapid)"]
[EventRounds "15"]
[EventCountry "SAU"]
[SourceTitle "CBM 182 Extra"]
[Source "ChessBase"]
[SourceDate "2018.02.23"]
[SourceVersion "1"]
[SourceVersionDate "2018.02.23"]
[SourceQuality "1"]

1. d4 Nf6 2. Nf3 d5 3. g3 g6 4. Bg2 Bg7 5. 0-0 0-0 6. b3 b6 7. c4 Bb7 8. Bb2 dxc4 9. bxc4 Nfd7 10. Qc2 c5 11. d5 Na6 12. e4 Nc7 13. Bxg7 Kxg7 14. Nbd2 e5 15. Qc3 Qe7 16. Ne1 Ne8 17. Nd3 Nd6 18. f4 f6 19. Bh3 Bc8 20. Bxd7 Bxd7 21. fxe5 fxe5 22. Nxe5 Kg8 23. Nxd7 Qxd7 24. e5 Nf5 25. Ne4 Kh8 26. e6+ Qg7 27. Qxg7+ Kxg7 28. d6 Rfe8 29. e7 Nxe7 30. dxe7 Rxe7 31. Nc3 Rd8 32. Rae1 Rxe1 33. Rxe1 Rd4 34. Re4 Kf6 35. Kf2 Rd2+ 36. Re2 Rd4 37. Nd5+ Kg5 38. Ne3 a6 39. Rb2 b5 40. cxb5 axb5 41. Rxb5 Rd2+ 42. Kf3 Rxa2 43. Rxc5+ Kh6 44. Ng4+ Kg7 45. Rc7+ Kg8 46. Nf6+ Kf8 47. Nxh7+ Kg8 48. h4 Ra5 49. Kg4 Rb5 50. Ng5 Rb4+ 51. Kh3 Ra4 52. Ne6 Ra6 53. Rg7+ Kh8 54. Rxg6 Kh7 55. Nf8+ 1-0

[Event "Wch Rapid"]
[Site "Riadh"]
[Date "2017.12.28"]
[Round "13"]
[White "Sethuraman, SP."]
[Black "Lodhi, Mahmood"]
[Result "1-0"]
[WhiteElo "2646"]
[BlackElo "2347"]
[PlyCount "53"]
[EventDate "2017.12.26"]
[EventType "swiss (rapid)"]
[EventRounds "15"]
[EventCountry "SAU"]
[SourceTitle "CBM 182 Extra"]
[Source "ChessBase"]
[SourceDate "2018.02.23"]
[SourceVersion "1"]
[SourceVersionDate "2018.02.23"]
[SourceQuality "1"]

1. e4 e5 2. Nf3 Nc6 3. Bc4 Bc5 4. d3 d6 5. c3 Nf6 6. a4 a5 7. Bg5 h6 8. Bh4 Qe7 9. 0-0 g5 10. Bg3 h5 11. h4 g4 12. Ng5 Nd8 13. d4 Ba7 14. Nd2 Nd7 15. Qb3 Nb6 16. f4 exd4 17. Kh1 f6 18. e5 d5 19. Bb5+ c6 20. exf6 Qxf6 21. Rae1+ Kd7 22. Bd3 Re8 23. Rxe8 Kxe8 24. Re1+ Kd7 25. f5 Nc4 26. Bxc4 dxc4 27. Nxc4 1-0

[Event "Wch Rapid"]
[Site "Riadh"]
[Date "2017.12.27"]
[Round "6"]
[White "Eljanov, Pavel"]
[Black "Lodhi, Mahmood"]
[Result "1-0"]
[WhiteElo "2711"]
[BlackElo "2347"]
[PlyCount "75"]
[EventDate "2017.12.26"]
[EventType "swiss (rapid)"]
[EventRounds "15"]
[EventCountry "SAU"]
[SourceTitle "CBM 182 Extra"]
[Source "ChessBase"]
[SourceDate "2018.02.23"]
[SourceVersion "1"]
[SourceVersionDate "2018.02.23"]
[SourceQuality "1"]

1. c4 e5 2. Nc3 Nc6 3. g3 g6 4. Bg2 Bg7 5. e3 Nge7 6. Nge2 0-0 7. 0-0 d6 8. b3 Bf5 9. e4 Be6 10. d3 Qd7 11. Nd5 f5 12. Be3 h6 13. Qd2 g5 14. Nxe7+ Qxe7 15. exf5 Bxf5 16. d4 e4 17. Nc3 Rae8 18. h3 Qd7 19. Kh2 Nd8 20. Rae1 c6 21. d5 c5 22. Qc2 Bxc3 23. Qxc3 Nf7 24. Bc1 Ne5 25. Bb2 Kh7 26. Rxe4 Nf3+ 27. Bxf3 Bxe4 28. Bg4 Qe7 29. Kg1 Bf5 30. Bh5 Bg6 31. Bg4 Bf5 32. Bh5 Bxh3 33. Bxe8 Rxe8 34. Rd1 Bg4 35. f3 Bd7 36. Qd3+ Kg8 37. Qg6+ Kf8 38. Qxh6+ 1-0

[Event "Wch Rapid"]
[Site "Riadh"]
[Date "2017.12.27"]
[Round "9"]
[White "Ibrahimov, Rasul"]
[Black "Lodhi, Mahmood"]
[Result "1/2-1/2"]
[WhiteElo "2518"]
[BlackElo "2347"]
[PlyCount "158"]
[EventDate "2017.12.26"]
[EventType "swiss (rapid)"]
[EventRounds "15"]
[EventCountry "SAU"]
[SourceTitle "CBM 182 Extra"]
[Source "ChessBase"]
[SourceDate "2018.02.23"]
[SourceVersion "1"]
[SourceVersionDate "2018.02.23"]
[SourceQuality "1"]

1. Nf3 Nf6 2. c4 g6 3. Nc3 Bg7 4. e4 d6 5. d4 0-0 6. Be2 Nc6 7. Be3 e5 8. d5 Ne7 9. Nd2 a5 10. c5 Ne8 11. 0-0 f5 12. cxd6 Nxd6 13. f3 b6 14. Rc1 Bd7 15. Nc4 Nec8 16. Na3 Na7 17. Nc4 Nac8 18. a4 Nxc4 19. Bxc4 Nd6 20. Bd3 Rf7 21. Bb5 Nxb5 22. Nxb5 Bxb5 23. axb5 Bf8 24. exf5 gxf5 25. f4 e4 26. Rc6 Bd6 27. Bd4 Qh4 28. Qd2 Rd8 29. Kh1 Rfd7 30. Qe3 Be7 31. Be5 Rxd5 32. Rxc7 Rd1 33. Qb3+ R1d5 34. Rc8 Rxc8 35. Qxd5+ Kf8 36. Qe6 Rc2 37. Qxf5+ Ke8 38. Qxe4 Qf2 39. Rg1 Re2 40. Qc6+ Kf8 41. h3 Bc5 42. Bd6+ Bxd6 43. Qxd6+ Kg7 44. b3 Re4 45. Rc1 Rxf4 46. Qe5+ Rf6 47. Rc6 Qf1+ 48. Kh2 Qf4+ 49. Qxf4 Rxf4 50. Rxb6 Rb4 51. Kg3 Rxb3+ 52. Kh4 a4 53. g4 a3 54. Ra6 Rxb5 55. Rxa3 Rb7 56. Ra5 Rb6 57. Kg5 Rg6+ 58. Kf4 Rf6+ 59. Rf5 Rh6 60. Kg3 Ra6 61. h4 Ra3+ 62. Rf3 Ra4 63. Rb3 Ra7 64. Rb5 h6 65. h5 Ra3+ 66. Kf4 Ra1 67. Rb7+ Kf6 68. Rh7 Rf1+ 69. Kg3 Rg1+ 70. Kf4 Rf1+ 71. Kg3 Rg1+ 72. Kf3 Kg5 73. Rg7+ Kh4 74. Kf4 Rf1+ 75. Ke5 Rf8 76. Rg6 Rf1 77. Ke6 Rf4 78. Rxh6 Kxg4 79. Rh8 Kg5 1/2-1/2

[Event "Wch Rapid"]
[Site "Riadh"]
[Date "2017.12.27"]
[Round "10"]
[White "Lodhi, Mahmood"]
[Black "Sanal, Vahap"]
[Result "0-1"]
[WhiteElo "2347"]
[BlackElo "2551"]
[PlyCount "112"]
[EventDate "2017.12.26"]
[EventType "swiss (rapid)"]
[EventRounds "15"]
[EventCountry "SAU"]
[SourceTitle "CBM 182 Extra"]
[Source "ChessBase"]
[SourceDate "2018.02.23"]
[SourceVersion "1"]
[SourceVersionDate "2018.02.23"]
[SourceQuality "1"]

1. d4 Nf6 2. Nf3 g6 3. g3 Bg7 4. Bg2 0-0 5. 0-0 d6 6. c4 Nc6 7. Nc3 a6 8. e4 Bg4 9. Be3 Nd7 10. Qd2 Bxf3 11. Bxf3 e5 12. d5 Nd4 13. Bg2 c5 14. dxc6 bxc6 15. f4 Rb8 16. f5 Nf6 17. h3 h5 18. Ne2 gxf5 19. exf5 Nxe2+ 20. Qxe2 d5 21. g4 d4 22. Rad1 Qb6 23. Bf2 hxg4 24. hxg4 Nh7 25. b3 Bf6 26. Rd3 Ng5 27. Bh4 Qc7 28. Bg3 Rfe8 29. Be4 Kg7 30. Kg2 c5 31. Rh1 Rh8 32. Rdd1 Qd6 33. Bd5 Qe7 34. Rde1 Rxh1 35. Rxh1 Re8 36. Be4 Rh8 37. Rh5 Rxh5 38. gxh5 Qd7 39. Qg4 Kh6 40. Be1 Nxe4 41. Qxe4 Bg5 42. Qxe5 f6 43. Qd5 Qxd5+ 44. cxd5 d3 45. d6 d2 46. Bxd2 Bxd2 47. Kf3 Kxh5 48. Ke4 Kg5 49. d7 Ba5 50. Kd5 Kxf5 51. Kxc5 Ke6 52. Kc6 f5 53. b4 Bd8 54. a4 f4 55. b5 axb5 56. axb5 f3 0-1